000 00721nam a2200193Ia 4500
008 0000001984 fr a 0000000000fre00
090 _aPSP00 R15s
100 1 _aRamis, Sebastiá
245 1 0 _aSebastiá Ramis
_b: le plaisir de peindre
300 _a[48] p.
_c/ 15 cm.
500 _aExposición realizada en Galerie Etienne de Causans, Paris, Septiembre 22 Octubre 30, 1984 \ Con el patronazgo de la empresa colombiana PLARESA
600 0 0 _aRAMIS, SEBASTIA./
_xTRABAJOS PICTORICOS
650 1 4 _aARTE CONTEMPORANEO ESPAÑOL
650 1 4 _xCATALOGOS
650 1 4 _xEXPOSICIONES
650 1 4 _aPINTORES ESPAÑOLES
650 1 4 _aPINTURA ESPAÑOLA
999 _c7866
_d7866
260 _aParis : Galerie Etienne de Causans
_c1984